Voluntary action and Gandhian approach : (Record no. 133971)

MARC details
000 -LEADER
fixed length control field 00774nam a22002417a 4500
005 - DATE AND TIME OF LATEST TRANSACTION
control field 20170124110218.0
010 ## - LIBRARY OF CONGRESS CONTROL NUMBER
LC control number A-585209
020 ## - INTERNATIONAL STANDARD BOOK NUMBER
Terms of availability 16.00
035 ## - SYSTEM CONTROL NUMBER
System control number A-585209
037 ## - SOURCE OF ACQUISITION
Source of stock number/acquisition Cen Lib/Ret
040 ## - CATALOGING SOURCE
Original cataloging agency DPL
Language of cataloging EN
082 ## - DEWEY DECIMAL CLASSIFICATION NUMBER
Classification number 302.14
Item number OZA
100 ## - MAIN ENTRY--PERSONAL NAME
Personal name Oza, D. K.
9 (RLIN) 39404
245 ## - TITLE STATEMENT
Title Voluntary action and Gandhian approach :
Statement of responsibility, etc by D. K. Oza; illustrated by Santhana Raj
Remainder of title a study of three voluntary movements in India /
246 ## - VARYING FORM OF TITLE
Remainder of title
260 ## - PUBLICATION, DISTRIBUTION, ETC. (IMPRINT)
Name of publisher, distributor, etc National Book Trust
Place of publication, distribution, etc New Delhi
Date of publication, distribution, etc 1991
270 ## - ADDRESS
City New Delhi
Postal code 10016
Address A-5, Green Park
300 ## - PHYSICAL DESCRIPTION
Extent vi,74p.
Dimensions 22cm(Hb)
650 ## - SUBJECT ADDED ENTRY--TOPICAL TERM
Topical term or geographic name as entry element Gandhi, -- Mahatma, -- 1869-1948
9 (RLIN) 39405
650 ## - SUBJECT ADDED ENTRY--TOPICAL TERM
Topical term or geographic name as entry element Voluntarism -- India
9 (RLIN) 39406
700 ## - ADDED ENTRY--PERSONAL NAME
Personal name Raj, Santhana
9 (RLIN) 39407
942 ## - ADDED ENTRY ELEMENTS (KOHA)
Source of classification or shelving scheme Dewey Decimal Classification
Koha item type English Books
Classification part 302.14
Call number suffix OZA
Holdings
Withdrawn status Lost status Damaged status Not for loan Home library Current library Date acquired Source of acquisition Cost, normal purchase price Total Checkouts Full call number Barcode Date last seen Copy number Cost, replacement price Price effective from Koha item type Public note
Written off       Central Library Central Library 28/07/2015 Cen Lib/Ret 16.00   302.14 OZA A-585209 28/07/2015 1 16.00 28/07/2015 English Books W/d list no. 6836/17

© Delhi Public Library
Hit Counter
free hit counter